00364nam a22001097a 450000500170000002000180001708200140003510000200004924501170006926000500018630000180023620260625144333.0 a9781009337502 a337 HEL/C eHelleiner, Eric aThe contested world economy:bthe deep and global roots of international political economy/ cby Eric Helleiner a. - U K b: Cambridge University pressc,2023 axii+306 pages